| 000 | 00626nam a22001817a 4500 | ||
|---|---|---|---|
| 003 | OSt | ||
| 005 | 20251216055023.0 | ||
| 008 | 251216b |||||||| |||| 00| 0 eng d | ||
| 040 |
_aDWCL-Admin lib _cOC |
||
| 082 | _aFil. 657.45 P552 2005 | ||
| 110 | _aAuditing Standards And Practices Council | ||
| 245 |
_aThe Philippines standards on auditing and Philippine auditing practice statements vol. 5 / _cAuditing Standards And Practices Council |
||
| 260 |
_aManila : _bDomDane Publishers, _cc2005. |
||
| 300 |
_a 366 p. ; _c25 cm. |
||
| 504 | _ainclude index. | ||
| 650 | _a1. Auditing standards. | ||
| 942 |
_2ddc _cBK-FIL _kFil. _n0 |
||
| 999 |
_c7115 _d7115 |
||